000 00561 a2200133 4500
000 nam a22 7a 4500
100 _aगोसवामी नमिता
110 _aगोसवामी नमिता
245 _aदीप्ती कुल्श्रेस्ट कला साहित्य में सामाजिक समस्याओं के सवरूप
250 _aLatest edition
260 _bबाबा पब्लिकेशन
_c2025
264 _bबाबा पब्लिकेशन
_c2025
942 _cBK
999 _c396695
_d396695